000 00812nam a22002415i 4500
001 176342
003 ES-MaACL
005 20230906220043.0
008 110111s1978 sp |||| | spa d
020 _a84-277-0323-6
080 _a331.105.446-029:2
080 _a338.43(460)
100 1 _aCuesta Bustillo, Josefina.
_942053
245 1 0 _aSindicalismo católico agrario en España
_b: (1917-1919) /
_cJosefina Cuesta Bustillo.
260 _aMadrid :
_bNarcea,
_cD. L. 1978.
300 _a310 p. ;
_c18 cm.
490 1 _aBitácora. Biblioteca del estudiante ;
_v58
650 4 _aSindicatos católicos-
_zEspaña.
_9144646
650 0 4 _aAgricultura-
_zEspaña.
_99680
830 0 _aBitácora. Biblioteca del estudiante ;
_v58
_9181903
852 _aES-MaACL
_jE-13985
_xOlim P-1892
999 _c176342
_d176342